| 000 | 00585nam a2200193Ia 4500 | ||
|---|---|---|---|
| 003 | OSt | ||
| 005 | 20260119151214.0 | ||
| 008 | 221004b |||||||| |||| 00| 0 pan d | ||
| 037 | _cTB | ||
| 040 |
_aAL _cAL _bpan |
||
| 041 |
_2pan _apan |
||
| 084 |
_aO153,2NPAx, N1 _qAL |
||
| 100 |
_aਨਨਕਾਣਵੀ, ਪਾਂਧੀ _9905456 |
||
| 245 | 0 | _aਤਿੱਨ ਰੁੱਤਾਂ | |
| 260 | _c1991. | ||
| 650 |
_aਪੰਜਾਬੀ ਸਾਹਿਤ _9905457 |
||
| 942 |
_hO153,2NPAx, N1 _cTB _2CC _n0 |
||
| 999 |
_c1067804 _d1067804 |
||